000 00278nam a22001337a 4500
008 171031b xxu||||| |||| 00| 0 eng d
020 _a9780471449447
041 _aeng
080 _a33
100 _a58
101 _aBUS
245 _aVALUATION
_cARZAC,E.R
942 _2udc
_cBK
999 _c36742
_d36742